000
00307nam a22001217a 4500
041
_a
ENG
100
_a
Lucia.M.D
245
_a
Agricultural Engineering In Development Post Harvesnt Operatio Ns And Mangement Of Foodgram
260
_a
New Delhi
_b
FAO
_c
1994
300
_a
160
650
_a
FAO
856
_u
FAO
999
_c
2592
_d
2592